| 000 | 00522nam a2200181Ia 4500 | ||
|---|---|---|---|
| 005 | 20260429112158.0 | ||
| 008 | 260429s9999||||xx |||||||||||||| ||und|| | ||
| 020 | _a9789811294433 | ||
| 041 | _aEnglish | ||
| 082 |
_a330.09 _bGUA |
||
| 100 | _aGuan, De-Xing | ||
| 245 | 0 |
_aNature of economics : _bSmith, Coase and the substitution structure of production / _cDe-Xing Guan |
|
| 250 | _a1st ed. | ||
| 260 |
_aNew Jersey : _bWorld Scientific, _c2025. |
||
| 300 | _axiii, 275 p.; hb | ||
| 650 | _aEconomics | ||
| 942 | _cTB | ||
| 999 |
_c52747 _d52747 |
||